| 000 | 00676cab a2200205 4500 | ||
|---|---|---|---|
| 001 | X95463 | ||
| 008 | 090401t1998 xxu||||| |||| 00| 0 eng d | ||
| 035 | _a(Sirsi) u90120 | ||
| 041 | _aeng | ||
| 245 | _aStephen and Sarah Peckham v George and Margaret Ellison | ||
| 260 | _c1998 | ||
| 350 | _a0 | ||
| 490 |
_aNew Property Cases _v[1998] NPC 154 |
||
| 520 | _aCA 26 November 1998. Determining whether there had been a reservation of a right of way by necessary implication. NB (NO PHOTOCOPYING ALLOWED) | ||
| 650 | _aPECKHAM V ELLISON | ||
| 650 | _aWHEELDON V BURROWS | ||
| 690 | _aHIGHWAYS RIGHTS OF WAY AND EASEMENTS-CASE LAW | ||
| 942 | _n0 | ||
| 948 | _c03/12/1998 | ||
| 999 |
_c57082 _d57082 |
||